|
|
|
|
| LEADER |
00000cam a2200000 4500 |
| 001 |
vtls012270905 |
| 003 |
SK-MaSNL |
| 005 |
20260302042546.0 |
| 008 |
250210s2024 xr a f an 100 0 slo |
| 015 |
|
|
|a SNBZSA2025/06
|
| 020 |
|
|
|a 9788074903670
|q (brožované)
|
| 040 |
|
|
|a SNK
|b slo
|c SNK
|e rda
|
| 041 |
0 |
|
|a slo
|a eng
|
| 044 |
|
|
|a xr
|c CZ
|
| 072 |
|
7 |
|a 368
|x Poisťovníctvo
|2 konspekt
|
| 080 |
|
|
|a 368.03
|2 2011
|
| 080 |
|
|
|a 368.91
|2 2011
|
| 080 |
|
|
|a 616-036.21
|2 2011
|
| 080 |
|
|
|a 578.834
|2 2011
|
| 080 |
|
|
|a 616.9:578.834
|2 2011
|
| 080 |
|
|
|a (048.8)
|2 2011
|
| 080 |
|
|
|a (082)
|2 2011
|
| 245 |
0 |
0 |
|a Analýza poistných rizík vo vzťahu k hospodáreniu životnej poisťovne 2
|b recenzovaný monografický zborník vedeckých prác
|c zostavovateľ: Ingrid Krčová
|
| 246 |
3 |
1 |
|a Analysis of insurance risks in relation to the economy of the life insurance company 2
|
| 264 |
|
1 |
|a Litomyšl
|b H.R.G. spol. s r.o.
|c 2024
|
| 300 |
|
|
|a 112 strán
|b grafy, tabuľky
|c 21 cm
|
| 336 |
|
|
|a text
|b txt
|2 rdacontent
|
| 337 |
|
|
|a bez média
|b n
|2 rdamedia
|
| 338 |
|
|
|a zväzok
|b nc
|2 rdacarrier
|
| 366 |
|
|
|e 50 kusov
|
| 504 |
|
|
|a Obsahuje bibliografiu za jednotlivými príspevkami
|
| 546 |
|
|
|a Súbežný názov v angličtine, text čiastočne aj v angličtine
|
| 650 |
0 |
7 |
|a poistne riziko
|2 SNKPH
|9 534253
|
| 650 |
0 |
7 |
|a poisťovne
|2 SNKPH
|9 1979
|
| 650 |
0 |
7 |
|a Insurance companies
|2 SNKPHeng
|9 266645
|
| 650 |
0 |
7 |
|a životné poistenie
|2 SNKPH
|9 28348
|
| 650 |
0 |
7 |
|a Life insurance
|2 SNKPHeng
|9 314157
|
| 655 |
|
7 |
|a monografie
|2 SNKPH
|9 70139
|
| 655 |
|
7 |
|a Monographs
|2 SNKPHeng
|9 120675
|
| 655 |
|
7 |
|a zborníky
|2 SNKPH
|9 70165
|
| 655 |
|
7 |
|a Papers of several authors
|2 SNKPHeng
|9 153738
|
| 700 |
1 |
|
|a Krčová, Ingrid,
|d 1969-
|4 com
|9 84272
|
| 710 |
2 |
|
|a Ekonomická univerzita v Bratislave.
|b Fakulta hospodárskej informatiky.
|b Katedra matematiky a aktuárstva
|4 pbl
|9 162113
|
| 852 |
|
|
|a Slovenská národná knižnica
|
| 919 |
|
|
|a 978-80-7490-367-0
|
| 954 |
|
|
|a odborná, vedecká literatúra pôvodná (slovenská)
|2 lita
|
| 958 |
|
|
|a ZS
|
| 958 |
|
|
|a NB
|
| 999 |
|
|
|c 1083244
|d 1085174
|
| 952 |
|
|
|a SNK
|b SNK
|y PREZ
|7 0
|p 17A1564432
|o snkSC 209768
|i snk2025/2229
|8 1
|0 0
|1 0
|4 0
|d 2025-02-10
|l 0
|r 2025-11-03 00:00:00
|w 2026-02-24
|
| 952 |
|
|
|a SNK
|b SNK
|y VYP
|7 0
|p 17A1564433
|o snkSC 209768 D1
|i snk2025/2230
|8 0
|0 0
|1 0
|4 0
|d 2025-02-10
|l 0
|r 2026-02-24 16:31:36
|w 2026-02-24
|